000 00823cam a22002532 4500
999 _c18320
_d18320
001 0000024099
003 OSt
005 20200812120236.0
008 130610s xx 000 0 eng d
020 _a1292296569
040 _aKABU
_cKABU
050 0 _aT58.6
_b.L38 2020
100 1 _aLaudon, Kenneth C.
245 1 0 _aManagement information systems :
_bmanaging the digital firm /
_cKenneth C. Laudon and Jane P. Laudon
250 _a16th ed.
260 _aHarlow, England
_bPearson,
_c2020.
300 _a652 p.
650 0 _aManagement information systems.
700 1 _aLaudon, Jane P.
908 _a130610
942 _2lcc
_cBK
_hT58.6
_i.L38 2020